[Event "Tarragona-chB"]
[Site "Tarragona"]
[Date "2017.11.12"]
[Round "7"]
[White "Zhao, Xijunjie"]
[Black "Huerta Llorens, Arnau"]
[Result "0-1"]
[WhiteElo "1361"]
[BlackElo "1618"]
[PlyCount "28"]
[EventDate "2017.10.08"]
[EventType "swiss"]
[EventRounds "9"]
[EventCountry "ESP"]
[SourceTitle "CBM 181 Extra"]
[Source "ChessBase"]
[SourceDate "2017.12.12"]
[SourceVersion "1"]
[SourceVersionDate "2017.12.12"]
[SourceQuality "1"]

1. e4 e5 2. Nf3 Nc6 3. Bc4 Be7 4. 0-0 Nf6 5. Nc3 0-0 6. a3 Nxe4 7. Bxf7+ Rxf7 8. Nxe4 d5 9. Ng3 Bg4 10. h3 Bxf3 11. gxf3 Nd4 12. d3 Nxf3+ 13. Kh1 Qd7 14. Kg2 Raf8 0-1

[Event "Tarragona-chB"]
[Site "Tarragona"]
[Date "2017.10.29"]
[Round "4"]
[White "Huerta Llorens, Arnau"]
[Black "Pinto Guell, Emilio"]
[Result "1/2-1/2"]
[WhiteElo "1618"]
[BlackElo "1565"]
[PlyCount "69"]
[EventDate "2017.10.08"]
[EventType "swiss"]
[EventRounds "9"]
[EventCountry "ESP"]
[SourceTitle "CBM 181 Extra"]
[Source "ChessBase"]
[SourceDate "2017.12.12"]
[SourceVersion "1"]
[SourceVersionDate "2017.12.12"]
[SourceQuality "1"]

1. e4 c6 2. d4 d5 3. Nc3 dxe4 4. Nxe4 Bf5 5. Ng3 Bg6 6. Nf3 Nd7 7. Be2 e6 8. 0-0 Ngf6 9. c4 Be7 10. b3 0-0 11. Bb2 Re8 12. Qd2 a5 13. Rac1 Bb4 14. Qe3 Bd6 15. Ne5 Nf8 16. Rfd1 Qe7 17. c5 Bxe5 18. dxe5 Nd5 19. Qf3 Red8 20. Ne4 Bxe4 21. Qxe4 Qc7 22. a3 Ng6 23. g3 Rd7 24. h4 Rad8 25. h5 Nf8 26. Rd3 Ne7 27. g4 Rxd3 28. Bxd3 Rd5 29. b4 axb4 30. axb4 Qc8 31. Bc3 Qe8 32. Re1 Rd7 33. Bc2 Nd5 34. Bb2 Qd8 35. Rd1 1/2-1/2

[Event "Tarragona-chB"]
[Site "Tarragona"]
[Date "2017.10.22"]
[Round "3"]
[White "Ferre Tusquellas, Jaume"]
[Black "Huerta Llorens, Arnau"]
[Result "1/2-1/2"]
[WhiteElo "1583"]
[BlackElo "1618"]
[PlyCount "90"]
[EventDate "2017.10.08"]
[EventType "swiss"]
[EventRounds "9"]
[EventCountry "ESP"]
[SourceTitle "CBM 181 Extra"]
[Source "ChessBase"]
[SourceDate "2017.12.12"]
[SourceVersion "1"]
[SourceVersionDate "2017.12.12"]
[SourceQuality "1"]

1. d4 d5 2. Nf3 Bf5 3. Bf4 e6 4. e3 Nd7 5. Bd3 Bxd3 6. cxd3 Ngf6 7. 0-0 Be7 8. h3 0-0 9. Nbd2 h6 10. Rc1 c6 11. Re1 Nh7 12. e4 Ng5 13. exd5 Nxf3+ 14. Nxf3 exd5 15. Qb3 Nb6 16. Re2 Bf6 17. Rce1 Qd7 18. Be5 Rfe8 19. Qd1 Re6 20. Bxf6 gxf6 21. Nh4 Kh7 22. Re3 Rae8 23. Qf3 Qe7 24. Nf5 Qf8 25. Qf4 Nc8 26. Ng3 Rxe3 27. Qf5+ Kg8 28. fxe3 Nd6 29. Qxf6 Re6 30. Qf4 Qg7 31. Rf1 Rg6 32. Rf2 Rxg3 33. Qxd6 Rxe3 34. Qd8+ Qf8 35. Qd7 Qe7 36. Qc8+ Kg7 37. Qg4+ Qg5 38. Rf3 Qxg4 39. hxg4 Re2 40. Rf2 Re1+ 41. Rf1 Rxf1+ 42. Kxf1 Kf6 43. Kf2 Kg5 44. Kf3 a5 45. b3 b5 1/2-1/2

[Event "Tarragona Province-chB"]
[Site "L'Hospitalet Infant"]
[Date "2016.10.30"]
[Round "5"]
[White "Huerta Llorens, Arnau"]
[Black "Cabo Izquierdo, Mario"]
[Result "1/2-1/2"]
[WhiteElo "1555"]
[BlackElo "1606"]
[PlyCount "89"]
[EventDate "2016.10.02"]
[EventType "swiss"]
[EventRounds "9"]
[EventCountry "ESP"]
[SourceTitle "EXT 2018"]
[Source "ChessBase"]
[SourceDate "2017.10.13"]
[SourceVersion "1"]
[SourceVersionDate "2017.10.13"]
[SourceQuality "1"]

1. e4 e6 2. d4 d5 3. e5 c5 4. c3 Nc6 5. Nf3 Be7 6. Bf4 f6 7. Be2 Qb6 8. Qd2 cxd4 9. cxd4 fxe5 10. dxe5 Bb4 11. Nc3 d4 12. 0-0 dxc3 13. bxc3 Bc5 14. Rab1 Qc7 15. Rfd1 Bd7 16. Bc4 h6 17. Qb2 0-0-0 18. Nd4 Bxd4 19. cxd4 Na5 20. Bd3 Bc6 21. Rdc1 Ne7 22. Bd2 Kd7 23. Qa3 b6 24. Bb4 Rhe8 25. Bd6 Qc8 26. Bb5 Qb7 27. f3 Rc8 28. Qd3 Bxb5 29. Qxb5+ Nec6 30. Rc2 a6 31. Qxb6 Qxb6 32. Rxb6 Nxd4 33. Rd2 Ndc6 34. Bb4+ Kc7 35. Bxa5 Nxa5 36. Rxa6 Ra8 37. Rc2+ Kd7 38. Rd6+ Ke7 39. Rc7+ Kf8 40. Rdd7 Rac8 41. Rf7+ Kg8 42. Rxg7+ Kh8 43. Rh7+ Kg8 44. Rhg7+ Kh8 45. Rh7+ 1/2-1/2